{"text_format":"3","workbook":"xlsx","n_sheets":8,"sheets":["封-2 招标控制价","表-04 单位工程招标控制价汇总表","表-08 措施项目汇总表","表-09 分部分项工程项目清单计价表","表-09 施工技术措施项目清单计价表","表-10 施工组织措施项目清单计价表","表-11 其他项目清单计价汇总表","表-12 规费、税金项目计价表"],"read":"whole","date_system":"1900"}

{"sheet":"封-2 招标控制价","index":0,"n_rows":16,"n_cols":9,"rows_kept":16,"merged":[[0,1,0,7],[1,1,1,8],[2,0,2,1],[2,3,2,9],[3,0,3,1],[3,3,3,9],[4,0,4,3],[4,4,4,9],[5,0,5,3],[5,4,5,9],[6,0,6,2],[6,3,6,4],[6,7,6,9],[7,0,7,1],[7,3,7,4],[7,7,7,9],[8,0,8,1],[8,7,8,9],[9,0,9,2],[9,3,9,4],[9,7,9,9],[10,0,10,1],[10,3,10,4],[10,7,10,9],[11,0,11,1],[11,7,11,9],[12,0,12,2],[12,3,12,4],[12,7,12,9],[13,0,13,1],[13,3,13,4],[13,7,13,9],[14,0,14,1],[14,7,14,9],[15,0,15,1],[15,3,15,6],[15,7,15,9]]}
["封-2","重庆资源与环境保护职业学院学校东侧道路工程",{"$nulls":6},"工程"]
[null,"招标控制价"]
["招标控制价",null,"(小写):","1,915,205.50"]
[null,null,"(大写):","壹佰玖拾壹万伍仟贰佰零伍元伍角"]
["其中:安全文明施工费(小写):",{"$nulls":3},"50838.66"]
["(大写):",{"$nulls":3},"伍万零捌佰叁拾捌元陆角陆分"]
["招  标  人：",{"$nulls":5},"工程造价\n咨 询 人："]
[{"$nulls":3},"(单位盖章)",{"$nulls":3},"(单位资质专用章)"]
[]
["法定代理人\n  或其授权人：",{"$nulls":5},"法定代理人\n或其授权人："]
[{"$nulls":3},"(签字或盖章)",{"$nulls":3},"(签字或盖章)"]
[]
["编  制  人：",{"$nulls":5},"复  核  人："]
[{"$nulls":3},"(造价人员签字盖专用章)",{"$nulls":3},"(造价工程师签字盖专用章)"]
[]
[{"$nulls":3},"时间：       年   月   日"]

{"sheet":"表-04 单位工程招标控制价汇总表","index":1,"n_rows":26,"n_cols":9,"rows_kept":26,"merged":[[0,0,0,6],[0,7,0,8],[1,0,1,8],[2,0,2,3],[2,4,2,6],[2,7,2,8],[3,0,3,1],[3,2,3,5],[3,6,3,7],[4,0,4,1],[4,2,4,5],[4,6,4,7],[5,0,5,1],[5,2,5,5],[5,6,5,7],[6,0,6,1],[6,2,6,5],[6,6,6,7],[7,0,7,1],[7,2,7,5],[7,6,7,7],[8,0,8,1],[8,2,8,5],[8,6,8,7],[9,0,9,1],[9,2,9,5],[9,6,9,7],[10,0,10,1],[10,2,10,5],[10,6,10,7],[11,0,11,1],[11,2,11,5],[11,6,11,7],[12,0,12,1],[12,2,12,5],[12,6,12,7],[13,0,13,1],[13,2,13,5],[13,6,13,7],[14,0,14,1],[14,2,14,5],[14,6,14,7],[15,0,15,1],[15,2,15,5],[15,6,15,7],[16,0,16,1],[16,2,16,5],[16,6,16,7],[17,0,17,1],[17,2,17,5],[17,6,17,7],[18,0,18,1],[18,2,18,5],[18,6,18,7],[19,0,19,1],[19,2,19,5],[19,6,19,7],[20,0,20,1],[20,2,20,5],[20,6,20,7],[21,0,21,1],[21,2,21,5],[21,6,21,7],[22,0,22,1],[22,2,22,5],[22,6,22,7],[23,0,23,1],[23,2,23,5],[23,6,23,7],[24,0,24,5],[24,6,24,7],[25,0,25,8]]}
[{"$nulls":7},"表-04"]
["单位工程招标控制价汇总表"]
["工程名称：重庆资源与环境保护职业学院学校东侧道路工程",{"$nulls":6},"第  1  页  共  1  页"]
["序号",null,"汇总内容",{"$nulls":3},"金额(元)",null,"其中：暂估价(元)"]
["1",null,"分部分项工程费",{"$nulls":3},1615953.67]
["1.1",null,"D市政工程",{"$nulls":3},1615953.67]
["2",null,"措施项目费",{"$nulls":3},93880.24]
["2.1",null,"其中：安全文明施工费",{"$nulls":3},50838.66]
["3",null,"其他项目费"]
["4",null,"规费",{"$nulls":3},29996.67,null,"－"]
["5",null,"税金",{"$nulls":3},175374.92,null,"－"]
{"$rows_empty":13}
["投标报价合计=1+2+3+4+5",{"$nulls":5},"1,915,205.50"]
["注：1.本表适用于单位工程招标控制价或投标报价的汇总，如无单位工程划分，单项工程也使用本表汇总。 \n    2.分部分项工程、措施项目中暂估价中应填写材料、工程设备暂估价，其他项目中暂估价应填写专业工程暂估价。"]

{"sheet":"表-08 措施项目汇总表","index":2,"n_rows":26,"n_cols":6,"rows_kept":26,"merged":[[0,0,0,5],[1,0,1,5],[2,0,2,1],[2,2,2,3],[2,4,2,5],[3,0,4,0],[3,1,4,2],[3,3,3,5],[4,3,4,4],[5,1,5,2],[5,3,5,4],[6,1,6,2],[6,3,6,4],[7,1,7,2],[7,3,7,4],[8,1,8,2],[8,3,8,4],[9,1,9,2],[9,3,9,4],[10,1,10,2],[10,3,10,4],[11,1,11,2],[11,3,11,4],[12,1,12,2],[12,3,12,4],[13,1,13,2],[13,3,13,4],[14,1,14,2],[14,3,14,4],[15,1,15,2],[15,3,15,4],[16,1,16,2],[16,3,16,4],[17,1,17,2],[17,3,17,4],[18,1,18,2],[18,3,18,4],[19,1,19,2],[19,3,19,4],[20,1,20,2],[20,3,20,4],[21,1,21,2],[21,3,21,4],[22,1,22,2],[22,3,22,4],[23,1,23,2],[23,3,23,4],[24,1,24,2],[24,3,24,4],[25,0,25,2],[25,3,25,4]]}
["表-08"]
["措施项目汇总表"]
["工程名称：重庆资源与环境保护职业学院学校东侧道路工程",{"$nulls":3},"第 1 页  共 1 页"]
["序号","项目名称",null,"金额(元)"]
[{"$nulls":3},"合价",null,"其中：暂估价"]
["1","施工技术措施项目",null,12255.47]
["2","施工组织措施项目",null,81624.77]
["2.1","其中：安全文明施工费",null,50838.66]
["2.2","建设工程竣工档案编制费",null,1313.2]
{"$rows_empty":16}
["措施项目费合计=1+2",null,null,93880.24]

{"sheet":"表-09 分部分项工程项目清单计价表","index":3,"n_rows":46,"n_cols":13,"rows_kept":46,"merged":[[0,0,0,12],[1,0,1,12],[2,0,2,5],[2,6,2,8],[2,9,2,12],[3,0,4,0],[3,1,4,2],[3,3,4,4],[3,5,4,6],[3,7,4,7],[3,8,4,9],[3,10,3,12],[4,10,4,10],[4,11,4,11],[5,1,5,2],[5,3,5,6],[5,8,5,9],[6,1,6,2],[6,3,6,4],[6,5,6,6],[6,8,6,9],[7,1,7,2],[7,3,7,4],[7,5,7,6],[7,8,7,9],[8,1,8,2],[8,3,8,4],[8,5,8,6],[8,8,8,9],[9,1,9,2],[9,3,9,4],[9,5,9,6],[9,8,9,9],[10,0,10,10],[11,0,11,12],[12,0,12,12],[13,0,13,5],[13,6,13,8],[13,9,13,12],[14,0,15,0],[14,1,15,2],[14,3,15,4],[14,5,15,6],[14,7,15,7],[14,8,15,9],[14,10,14,12],[15,10,15,10],[15,11,15,11],[16,1,16,2],[16,3,16,4],[16,5,16,6],[16,8,16,9],[17,1,17,2],[17,3,17,4],[17,5,17,6],[17,8,17,9],[18,1,18,2],[18,3,18,4],[18,5,18,6],[18,8,18,9],[19,1,19,2],[19,3,19,4],[19,5,19,6],[19,8,19,9],[20,1,20,2],[20,3,20,4],[20,5,20,6],[20,8,20,9],[21,0,21,10],[22,0,22,12],[23,0,23,12],[24,0,24,5],[24,6,24,8],[24,9,24,12],[25,0,26,0],[25,1,26,2],[25,3,26,4],[25,5,26,6],[25,7,26,7],[25,8,26,9],[25,10,25,12],[26,10,26,10],[26,11,26,11],[27,1,27,2],[27,3,27,4],[27,5,27,6],[27,8,27,9],[28,1,28,2],[28,3,28,4],[28,5,28,6],[28,8,28,9],[29,1,29,2],[29,3,29,4],[29,5,29,6],[29,8,29,9],[30,1,30,2],[30,3,30,4],[30,5,30,6],[30,8,30,9],[31,1,31,2],[31,3,31,4],[31,5,31,6],[31,8,31,9],[32,1,32,2],[32,3,32,4],[32,5,32,6],[32,8,32,9],[33,1,33,2],[33,3,33,4],[33,5,33,6],[33,8,33,9],[34,1,34,2],[34,3,34,4],[34,5,34,6],[34,8,34,9],[35,1,35,2],[35,3,35,4],[35,5,35,6],[35,8,35,9],[36,1,36,2],[36,3,36,4],[36,5,36,6],[36,8,36,9],[37,1,37,2],[37,3,37,4],[37,5,37,6],[37,8,37,9],[38,1,38,2],[38,3,38,4],[38,5,38,6],[38,8,38,9],[39,1,39,2],[39,3,39,4],[39,5,39,6],[39,8,39,9],[40,1,40,2],[40,3,40,4],[40,5,40,6],[40,8,40,9],[41,1,41,2],[41,3,41,4],[41,5,41,6],[41,8,41,9],[42,1,42,2],[42,3,42,4],[42,5,42,6],[42,8,42,9],[43,1,43,2],[43,3,43,4],[43,5,43,6],[43,8,43,9],[44,0,44,10],[45,0,45,10]]}
["表-09"]
["分部分项工程项目清单计价表"]
["工程名称：重庆资源与环境保护职业学院学校东侧道路工程",{"$nulls":8},"第  1  页  共  3  页"]
["序号","项目编码",null,"项目名称",null,"项目特征",null,"计量单位","工程量",null,"金额（元）"]
[{"$nulls":10},"综合单价","合价","其中:暂估价"]
[null,"D",null,"市政工程"]
[1,"040101005001",null,"挖淤泥、流砂（含1km运输）",null,"[项目特征]\n1.淤泥类别:流塑或软塑状\n2.挖掘深度:综合考虑\n3.场内运距:含1km运输\n[工作内容]\n1.开挖\n2.场内运输",null,"m3",350,null,19.24,6734]
[2,"040103002003",null,"淤泥余方弃置（每增减1km）",null,"[项目特征]\n1.废弃料品种:流塑或软塑状\n2.运距:每增减1km（不足1km时，按相应比例进行折算）\n[工作内容]\n1.余方点装料运输至弃置点",null,"m3",350,null,3.96,1386]
[3,"040101001001",null,"挖一般土（石）方",null,"[项目特征]\n1.土石类别:综合考虑\n2.挖土（石）深度:综合考虑\n3.开挖方式:人机配合\n4.场内运距:投标单位根据现场实际情况综合考虑\n[工作内容]\n1.排地表水\n2.土（石）方开挖、凿打\n3.围护(挡土板)及拆除\n4.基底钎探\n5.场内运输",null,"m3",5000,null,13.36,66800]
[4,"040103001001",null,"回填方",null,"[项目特征]\n1.密实度要求:满足设计及规范要求\n2.填方材料品种:满足设计及规范要求\n3.填方粒径要求:满足设计及规范要求\n4.填方来源、运距:投标单位根据现场实际情况综合考虑，优先利用现场开挖可利用土石方回填\n[工作内容]\n1.运输\n2.回填\n3.压实",null,"m3",1500,null,7.79,11685]
["本页小计",{"$nulls":10},86605]
["表-09"]
["分部分项工程项目清单计价表"]
["工程名称：重庆资源与环境保护职业学院学校东侧道路工程",{"$nulls":8},"第  2  页  共  3  页"]
["序号","项目编码",null,"项目名称",null,"项目特征",null,"计量单位","工程量",null,"金额（元）"]
[{"$nulls":10},"综合单价","合价","其中:暂估价"]
[5,"040103002001",null,"余方弃置（起运5km）",null,"[项目特征]\n1.废弃料品种:综合考虑\n2.渣场费:投标单位综合考虑\n3.运距:运距5km\n[工作内容]\n1.余方点装料运输至弃置点",null,"m3",3500,null,23.38,81830]
[6,"040103002002",null,"余方弃置（每增减1km）",null,"[项目特征]\n1.废弃料品种:综合考虑\n2.运距:每增减1km（不足1km时，按相应比例进行折算）\n[工作内容]\n1.余方点装料运输至弃置点",null,"m3",3500,null,2.81,9835]
[7,"040202001001",null,"路床(槽)整形",null,"[项目特征]\n1.部位:车行道基层\n[工作内容]\n1.放样\n2.整修路拱\n3.碾压成型",null,"m2",7765.19,null,4.78,37117.61]
[8,"040202015001",null,"200mm厚6%水泥稳定碎石底基层",null,"[项目特征]\n1.水泥含量:6%\n2.石料规格:碎石应粒径均匀，级配合理\n3.厚度:200mm\n[工作内容]\n1.拌和\n2.运输\n3.铺筑\n4.找平\n5.碾压\n6.养护",null,"m2",7765.19,null,68.42,531294.3]
[9,"040203007001",null,"200mm厚C30水泥混凝土面层",null,"[项目特征]\n1.混凝土强度等级:C30\n2.厚度:200mm\n3.泵送方式:综合考虑\n[工作内容]\n1.模板制作、安装、拆除\n2.混凝土拌和、运输、浇筑\n3.拉毛\n4.路面养护",null,"m2",7159.42,null,101.1,723817.36]
["本页小计",{"$nulls":10},1383894.27]
["表-09"]
["分部分项工程项目清单计价表"]
["工程名称：重庆资源与环境保护职业学院学校东侧道路工程",{"$nulls":8},"第  3  页  共  3  页"]
["序号","项目编码",null,"项目名称",null,"项目特征",null,"计量单位","工程量",null,"金额（元）"]
[{"$nulls":10},"综合单价","合价","其中:暂估价"]
[10,"040203007002",null,"伸缩缝锯缝",null,"[项目特征]\n1.嵌缝材料:锯缝，不嵌缝\n[工作内容]\n1.锯缝、清理",null,"m",1358,null,14.3,19419.4]
[11,"040201007001",null,"抛石挤淤",null,"[项目特征]\n1.材料品种、规格:满足设计及规范要求的块片石、碎石\n2.材料来源:外购成品\n[工作内容]\n1.抛石挤淤\n2.填塞垫平、压实",null,"m3",350,null,135.58,47453]
[12,"040201020001",null,"粒径10~40cm硬质片、块石换填（强度不小于20Mpa）（不含淤泥挖装运）",null,"[项目特征]\n1.材料品种、规格及比例:100%块（片）石\n[工作内容]\n1.材料拌和、运输\n2.铺设\n3.压实",null,"m3",350,null,224.52,78582]
{"$rows_empty":14}
["本页小计",{"$nulls":10},145454.4]
["合   计",{"$nulls":10},1615953.67]

{"sheet":"表-09 施工技术措施项目清单计价表","index":4,"n_rows":18,"n_cols":13,"rows_kept":18,"merged":[[0,0,0,12],[1,0,1,12],[2,0,2,5],[2,6,2,8],[2,9,2,12],[3,0,4,0],[3,1,4,2],[3,3,4,4],[3,5,4,6],[3,7,4,7],[3,8,4,9],[3,10,3,12],[4,10,4,10],[4,11,4,11],[5,1,5,2],[5,3,5,6],[5,8,5,9],[6,1,6,2],[6,3,6,4],[6,5,6,6],[6,8,6,9],[7,1,7,2],[7,3,7,4],[7,5,7,6],[7,8,7,9],[8,1,8,2],[8,3,8,4],[8,5,8,6],[8,8,8,9],[9,1,9,2],[9,3,9,4],[9,5,9,6],[9,8,9,9],[10,1,10,2],[10,3,10,4],[10,5,10,6],[10,8,10,9],[11,1,11,2],[11,3,11,4],[11,5,11,6],[11,8,11,9],[12,1,12,2],[12,3,12,4],[12,5,12,6],[12,8,12,9],[13,1,13,2],[13,3,13,4],[13,5,13,6],[13,8,13,9],[14,1,14,2],[14,3,14,4],[14,5,14,6],[14,8,14,9],[15,1,15,2],[15,3,15,4],[15,5,15,6],[15,8,15,9],[16,0,16,10],[17,0,17,10]]}
["表-09"]
["施工技术措施项目清单计价表"]
["工程名称：重庆资源与环境保护职业学院学校东侧道路工程",{"$nulls":8},"第  1  页  共  1  页"]
["序号","项目编码",null,"项目名称",null,"项目特征",null,"计量单位","工程量",null,"金额（元）"]
[{"$nulls":10},"综合单价","合价","其中:暂估价"]
[null,"一",null,"施工技术措施项目",{"$nulls":7},12255.47]
[1,"041106001001",null,"大型机械设备进出场及安拆（履带式挖掘机）",null,"[项目特征]\n1.机械设备名称:履带式挖掘机\n2.机械设备规格型号:综合考虑\n[工作内容]\n1.安拆费包括施工机械、设备在现场进行安装拆卸所需人工、材料、机械和试运转费用以及机械辅助设施的折旧、搭设、拆除等费用\n2.进出场费包括施工机械、设备整体或分体自停放地点运至施工现场或由一施工地点运至另一施工地点所发生的运输、装卸、辅助材料等费用",null,"台．次",1,null,7153.67,7153.67]
[2,"041106001002",null,"大型机械设备进出场及安拆（压路机）",null,"[项目特征]\n1.机械设备名称:压路机\n2.机械设备规格型号:综合考虑\n[工作内容]\n1.安拆费包括施工机械、设备在现场进行安装拆卸所需人工、材料、机械和试运转费用以及机械辅助设施的折旧、搭设、拆除等费用\n2.进出场费包括施工机械、设备整体或分体自停放地点运至施工现场或由一施工地点运至另一施工地点所发生的运输、装卸、辅助材料等费用",null,"台．次",1,null,5101.8,5101.8]
{"$rows_empty":8}
["本页小计",{"$nulls":10},12255.47]
["合   计",{"$nulls":10},12255.47]

{"sheet":"表-10 施工组织措施项目清单计价表","index":5,"n_rows":10,"n_cols":14,"rows_kept":10,"merged":[[0,0,0,10],[0,11,0,13],[1,0,1,13],[2,0,2,4],[2,5,2,10],[2,11,2,13],[3,1,3,2],[3,3,3,5],[3,8,3,9],[3,10,3,11],[4,1,4,2],[4,3,4,5],[4,8,4,9],[4,10,4,11],[5,1,5,2],[5,3,5,5],[5,8,5,9],[5,10,5,11],[6,1,6,2],[6,3,6,5],[6,8,6,9],[6,10,6,11],[7,1,7,2],[7,3,7,5],[7,8,7,9],[7,10,7,11],[8,0,8,7],[8,8,8,9],[8,10,8,11],[9,0,9,13]]}
[{"$nulls":11},"表-10"]
["施工组织措施项目清单计价表"]
["工程名称：重庆资源与环境保护职业学院学校东侧道路工程",{"$nulls":10},"第  1  页  共  1  页"]
["序号","项目编码",null,"项目名称",null,null,"计算\n基础","费率\n(%)","金额\n(元)",null,"调整\n费率\n(%)",null,"调整后\n金额\n(元)","备注"]
[1,"041109B24001",null,"组织措施费",null,null,"(分部分项人工费+分部分项机械费+技术措施人工费+技术措施机械费-机械（爆破）土石方人工费-机械（爆破）土石方机械费-机械（爆破）土石方人工费-机械（爆破）土石方机械费-人工土石方人工费-人工土石方技术措施人工费-人工土石方机械费-人工土石方技术措施机械费)+(机械（爆破）土石方人工费+机械（爆破）土石方机械费+机械（爆破）土石方人工费+机械（爆破）土石方机械费)*0.048/费率+(人工土石方人工费+人工土石方技术措施人工费)*0.0222/费率","13.31",29472.91]
[2,"041109001001",null,"安全文明施工费",null,null,"税前合计","3.01",50838.66]
[3,"041109B23001",null,"建设工程竣工档案编制费",null,null,"(分部分项人工费+分部分项机械费+技术措施人工费+技术措施机械费-机械（爆破）土石方人工费-机械（爆破）土石方机械费-机械（爆破）土石方人工费-机械（爆破）土石方机械费-人工土石方人工费-人工土石方技术措施人工费-人工土石方机械费-人工土石方技术措施机械费)+(机械（爆破）土石方人工费+机械（爆破）土石方机械费+机械（爆破）土石方人工费+机械（爆破）土石方机械费)*0.002/费率+(人工土石方人工费+人工土石方技术措施人工费)*0.0019/费率","0.59",1313.2]
[]
["合    计",{"$nulls":7},81624.77]
["注：1.计算基础和费用标准按本市有关费用定额或文件执行。\n    2.根据施工方案计算的措施费，可不填写“计算基础”和“费率”的数值，只填写“金额”数值，但应在备注栏说明施工\n    方案出处或计算方法。"]

{"sheet":"表-11 其他项目清单计价汇总表","index":6,"n_rows":26,"n_cols":10,"rows_kept":26,"merged":[[0,0,0,7],[0,8,0,9],[1,0,1,9],[2,0,2,3],[2,4,2,7],[2,8,2,9],[3,0,3,1],[3,2,3,4],[3,5,3,6],[3,7,3,8],[4,0,4,1],[4,2,4,4],[4,5,4,6],[4,7,4,8],[5,0,5,1],[5,2,5,4],[5,5,5,6],[5,7,5,8],[6,0,6,1],[6,2,6,4],[6,5,6,6],[6,7,6,8],[7,0,7,1],[7,2,7,4],[7,5,7,6],[7,7,7,8],[8,0,8,1],[8,2,8,4],[8,5,8,6],[8,7,8,8],[9,0,9,1],[9,2,9,4],[9,5,9,6],[9,7,9,8],[10,0,10,1],[10,2,10,4],[10,5,10,6],[10,7,10,8],[11,0,11,1],[11,2,11,4],[11,5,11,6],[11,7,11,8],[12,0,12,1],[12,2,12,4],[12,5,12,6],[12,7,12,8],[13,0,13,1],[13,2,13,4],[13,5,13,6],[13,7,13,8],[14,0,14,1],[14,2,14,4],[14,5,14,6],[14,7,14,8],[15,0,15,1],[15,2,15,4],[15,5,15,6],[15,7,15,8],[16,0,16,1],[16,2,16,4],[16,5,16,6],[16,7,16,8],[17,0,17,1],[17,2,17,4],[17,5,17,6],[17,7,17,8],[18,0,18,1],[18,2,18,4],[18,5,18,6],[18,7,18,8],[19,0,19,1],[19,2,19,4],[19,5,19,6],[19,7,19,8],[20,0,20,1],[20,2,20,4],[20,5,20,6],[20,7,20,8],[21,0,21,1],[21,2,21,4],[21,5,21,6],[21,7,21,8],[22,0,22,1],[22,2,22,4],[22,5,22,6],[22,7,22,8],[23,0,23,1],[23,2,23,4],[23,5,23,6],[23,7,23,8],[24,0,24,4],[24,5,24,6],[24,7,24,8],[25,0,25,9]]}
[{"$nulls":8},"表-11"]
["其他项目清单计价汇总表"]
["工程名称：重庆资源与环境保护职业学院学校东侧道路工程",{"$nulls":7},"第  1  页  共  1  页"]
["序号",null,"项目名称",null,null,"计量单位",null,"金额(元)",null,"备注"]
["1",null,"暂列金额",null,null,"项",{"$nulls":3},"明细详见\n表-11-1"]
["2",null,"暂估价",null,null,"项"]
["2.1",null,"材料(工程设备)暂估价",null,null,"项",null,"--",null,"明细详见\n表-11-2"]
["2.2",null,"专业工程暂估价",null,null,"项",{"$nulls":3},"明细详见\n表-11-3"]
["3",null,"计日工",null,null,"项",{"$nulls":3},"明细详见\n表-11-4"]
["4",null,"总承包服务费",null,null,"项",{"$nulls":3},"明细详见\n表-11-5"]
["5",null,"索赔与现场签证",null,null,"项",{"$nulls":3},"明细详见\n表-11-6"]
{"$rows_empty":13}
["合    计",{"$nulls":6},"0"]
["注：材料、设备暂估单价进入清单项目综合单价，此处不汇总。"]

{"sheet":"表-12 规费、税金项目计价表","index":7,"n_rows":26,"n_cols":10,"rows_kept":26,"merged":[[0,0,0,7],[0,8,0,9],[1,0,1,9],[2,0,2,3],[2,4,2,7],[2,8,2,9],[3,1,3,4],[3,5,3,6],[3,7,3,8],[4,1,4,4],[4,5,4,6],[4,7,4,8],[5,1,5,4],[5,5,5,6],[5,7,5,8],[6,1,6,4],[6,5,6,6],[6,7,6,8],[7,1,7,4],[7,5,7,6],[7,7,7,8],[8,1,8,4],[8,5,8,6],[8,7,8,8],[9,1,9,4],[9,5,9,6],[9,7,9,8],[10,1,10,4],[10,5,10,6],[10,7,10,8],[11,1,11,4],[11,5,11,6],[11,7,11,8],[12,1,12,4],[12,5,12,6],[12,7,12,8],[13,1,13,4],[13,5,13,6],[13,7,13,8],[14,1,14,4],[14,5,14,6],[14,7,14,8],[15,1,15,4],[15,5,15,6],[15,7,15,8],[16,1,16,4],[16,5,16,6],[16,7,16,8],[17,1,17,4],[17,5,17,6],[17,7,17,8],[18,1,18,4],[18,5,18,6],[18,7,18,8],[19,1,19,4],[19,5,19,6],[19,7,19,8],[20,1,20,4],[20,5,20,6],[20,7,20,8],[21,1,21,4],[21,5,21,6],[21,7,21,8],[22,1,22,4],[22,5,22,6],[22,7,22,8],[23,1,23,4],[23,5,23,6],[23,7,23,8],[24,1,24,4],[24,5,24,6],[24,7,24,8],[25,0,25,8]]}
[{"$nulls":8},"表-12"]
["规费、税金项目计价表"]
["工程名称：重庆资源与环境保护职业学院学校东侧道路工程",{"$nulls":7},"第  1  页  共  1  页"]
["序号","项目名称",{"$nulls":3},"计算基础",null,"费率(%)",null,"金额（元）"]
["1","规费",{"$nulls":3},"专业工程规费（人+机）+机械（爆破）土石方规费（人+机）*0.072/费率+人工土石方规费（人）*0.082/费率",null,"11.46",null,29996.67]
["2","税金",{"$nulls":3},"2.1 + 2.2 + 2.3",{"$nulls":3},175374.92]
["2.1","增值税",{"$nulls":3},"分部分项工程费+措施项目费+其他项目费+规费-甲供材料费",null,"9",null,156584.75]
["2.2","附加税",{"$nulls":3},"增值税",null,"12",null,18790.17]
["2.3","环境保护税",{"$nulls":3},"按实计算"]
{"$rows_empty":16}
["合计",{"$nulls":8},205371.59]